zpět

Detail výsledku týmu

U Grizzlyho, Opava

Datum a čas kvízu

31 Celkem bodů Celkový počet nahraných bodů na tomto kvízu bez doplňovacích otázek.
3. Pořadí na kvízu Konečné umístění týmu na tomto kvízu.

Zaznamenané odpovědi

# Otázka Odpověď Body Výsledky
1. Ministr dopravy Vladimír Kreml... Francie 1
2. Senát jednoho státu na jihu US... Alabama 1
3. Jak se nazývá kapela, která re... Lake Malawi, Albert Černý 1
4. Čínská společnost Xiaomi přišl... v automatu 0
5. Ve třetím utkání na MS v hokej... Andrej Vasilevskij 0
6. Kolik mandátů připadá v Evrops... 21 mandátů (Uznáváme tedy 20 až 22.) 0
7. Z výsledků voleb vzejde i nový... Jan Zahradil 0
8. Přiřaďte lídry kandidátek k je... 1A 2C 3D 4B 0
9. V některých evropských státech... D 0
10. Jedenatřicetiletý kandidát nov... Tinder 1